00393 a2200145 4500003000400000005001700004008004100021020001800062040000900080082001800089245006600107260004500173300001000218700001900228OSt20230905162745.0230905b |||||||| |||| 00| 0 eng d a9781107108844 coclc a822.33bHOL/S aShakespeare Survey 68bShakespeare, origins and originality / aU K:bCambridge University Press,c2015. a477 p aHolland, Peter